• 首页
  • 本馆介绍
  • 公告通知
  • 最新文献
  • 馆藏检索
  • 电子资源
  • 读者导购
  • 参考咨询
  • 我的图书馆
  • 登录
  • 详细信息显示
  • 放入我的书架
  • 预约/预借图书
  • 作者相关作品
  • 分类相关作品
  • 丛书相关作品
  • 出版社相关作品

书目信息

  • 表格格式
  • 工作单格式
  • 卡片格式
题名:
基层医生针灸手册
    
 
作者: 杨威等主编
分册:  
出版信息: 北京   中医古籍出版社  1995.07
页数: 383页
开本: 32开
丛书名:
单 册:
中图分类: R245-62
科图分类:
主题词: 中医学:临床医学
电子资源:
ISBN: 7-80013-631-0
000 00553nam0 2200181 45
001 9911301546
005 19991130154459.8
010    @a7-80013-631-0@d14.00
100    @a19991130d1995 km y0chiy0120 ea
101    @achi
105    @a z 000yy
200 1  @a基层医生针灸手册@AJi Ceng Yi Sheng Zhen Jiu Shou Ce@f杨威等主编@FYang Wei Deng Zhu Bian
210    @a北京@c中医古籍出版社@d1995.07
215    @a383页@c无图表@d32开
606 0  @a中医学:临床医学
690    @aR245-62@v3
801    @aCN@bPerfectUser@c19991130
905    @aBZT@b46236-250@f15@dR245-62@e4
    
    基层医生针灸手册/杨威等主编.-北京:中医古籍出版社,1995.07
    383页:无图表;32开
    
    
    ISBN 7-80013-631-0:14.00
    
●
相关链接 在五车中查询图书 在当当中查询图书 在豆瓣中查询图书


正题名:基层医生针灸手册     索取号:R245-62/4         预约/预借

序号 登录号 条形码 馆藏地/架位号 状态 备注
1 46236   200564594   中心书库中库/ 中库003架A面7列4层20/ [索取号:R245-62/4] 在馆    
2 46237   200564585   中心书库中库/ 中库003架A面7列4层30/ [索取号:R245-62/4] 在馆    
3 46238   200564638   中心书库中库/ 中库003架A面7列4层25/ [索取号:R245-62/4] 在馆    
4 46239   200564576   中心书库中库/ 中库003架A面7列4层35/ [索取号:R245-62/4] 在馆    
5 46240   200564558   中心书库中库/ 中库003架A面7列4层23/ [索取号:R245-62/4] 在馆    
6 46241   200564567   中心书库中库/ 中库003架A面7列4层32/ [索取号:R245-62/4] 在馆    
7 46242   200564549   中心书库中库/ 中库003架A面7列4层22/ [索取号:R245-62/4] 在馆    
8 46243   200564530   中心书库中库/ 中库003架A面7列4层34/ [索取号:R245-62/4] 在馆    
9 46244   200564629   中心书库中库/ 中库003架A面7列4层21/ [索取号:R245-62/4] 在馆    
10 46245   200564601   中心书库中库/ 中库003架A面7列4层26/ [索取号:R245-62/4] 在馆    
11 46246   200564647   中心书库中库/ 中库003架A面7列4层24/ [索取号:R245-62/4] 在馆    
12 46247   200564610   中心书库中库/ 中库003架A面7列4层28/ [索取号:R245-62/4] 在馆    
13 46248   200564521   中心书库中库/ 中库003架A面7列4层29/ [索取号:R245-62/4] 在馆    
14 46249   200564512   中心书库中库/ 中库003架A面7列4层31/ [索取号:R245-62/4] 在馆    
15 46250   200564497   中心书库中库/ 中库003架A面7列4层33/ [索取号:R245-62/4] 在馆    
16 70922   200723618   中心书库中库/ 中库003架A面7列4层19/ [索取号:R245-62/4] 在馆    
17 70923   200723609   中心书库中库/ 中库003架A面7列4层17/ [索取号:R245-62/4] 在馆    
18 70924   200723592   中心书库中库/ 中库003架A面7列4层27/ [索取号:R245-62/4] 在馆    
19 70925   200723574   中心书库中库/ 中库003架A面7列4层16/ [索取号:R245-62/4] 在馆    
20 70926   200723583   中心书库中库/ 中库003架A面7列4层18/ [索取号:R245-62/4] 在馆    
山东省滨州职业学院图书馆 欢迎您!
大连网信软件有限公司© 版权所有